Dirección estratégicas y la Pyme: Fundamentos y teoría para exito empresarial / Gonzalo Caballero Miquez y Ana Belén Freijeiro (Registro nro. 11496)
[ vista simple ]
| 000 -LEADER | |
|---|---|
| fixed length control field | 00657nam a22002051a 4500 |
| 001 - CONTROL NUMBER | |
| control field | 11496 |
| 003 - CONTROL NUMBER IDENTIFIER | |
| control field | OSt |
| 005 - DATE AND TIME OF LATEST TRANSACTION | |
| control field | 20260204212244.0 |
| 008 - FIXED-LENGTH DATA ELEMENTS--GENERAL INFORMATION | |
| fixed length control field | 121119s2010||||ck ||||||b||||||||||spa|| |
| 020 ## - NUMERO DE LIBRO INTERNACIONAL NORMALIZADO | |
| International Standard Book Number | 9789588675121 |
| 050 ## - LIBRARY OF CONGRESS CALL NUMBER | |
| Classification number | 658.022 C111d |
| 100 ## - ASIENTO PRINCIPAL -- NOMBRE PERSONAL | |
| Personal name | Caballero Miquez, Gonzalo |
| 245 ## - TÍTULO PROPIAMENTE DICHO: SUBTÍTULO | |
| Title | Dirección estratégicas y la Pyme: Fundamentos y teoría para exito empresarial / Gonzalo Caballero Miquez y Ana Belén Freijeiro |
| 264 ## - PRODUCTION, PUBLICATION, DISTRIBUTION, MANUFACTURE, AND COPYRIGHT NOTICE | |
| Place of production, publication, distribution, manufacture | Colombia: Ediciones U |
| 300 ## - PHYSICAL DESCRIPTION | |
| Extensión | 158 p |
| 500 ## - GENERAL NOTE | |
| General note | Incluye bibiografía |
| 650 ## - ASIENTO SECUNDARIO DE MATERIA -- TERMINO TEMÁTICO | |
| Termino Temático Como Elemento de Entrada | Pequeñas y Medianas Empresas 2.Administración Estratégica |
| 700 ## - ASIENTO SECUNDARIO -- NOMBRE PERSONAL | |
| Personal name | Ana Belén FreijeiroÌ |
| 942 ## - ADDED ENTRY ELEMENTS (KOHA) | |
| Source of classification or shelving scheme | Dewey Decimal Classification |
| Koha item type | Libros |
| Withdrawn status | Lost status | Source of classification or shelving scheme | Damaged status | Not for loan | Current library | Date acquired | Total Checkouts | Full call number | Barcode | Date last seen | Price effective from | Koha item type |
|---|---|---|---|---|---|---|---|---|---|---|---|---|
| Dewey Decimal Classification | Biblioteca UTECO | 09/09/2019 | 658.022 C111D | 016534 | 09/09/2019 | 09/09/2019 | Libros | |||||
| Dewey Decimal Classification | Biblioteca UTECO | 09/09/2019 | 658.022 C111D | 016535 | 09/09/2019 | 09/09/2019 | Libros | |||||
| Dewey Decimal Classification | Biblioteca UTECO | 09/09/2019 | 658.022 C111D | 016536 | 09/09/2019 | 09/09/2019 | Libros |
